LEADER 01781nam a2200301 i 4500 001 991003606319707536 005 20020503201447.0 008 001103s1979 ne ||| | ita 020 $a9004060014 035 $ab1053068x-39ule_inst 035 $aEXGIL123834$9ExL 040 $aBiblioteca Interfacoltà$bita 082 0 $a299.15 111 2 $aInternational Seminar on the religio-historical character of Roman Mithraism$d<1978 ;$cRoma>$0469739 245 10$aMysteria Mithrae :$batti del Seminario internazionale su la specificità storico-religiosa dei misteri di Mithra, con particolare riferimento alle fonti documentarie di Roma e Ostia, Roma e Ostia 28-31 marzo 1978 = Proceedings of the International Seminar on the Religio-historical character of Roman Mithraism, with particular reference to Roman and Ostian sources, Rome and Ostia 28-31 March 1978 /$cpubblicati a cura di Ugo Bianchi 260 $aLeiden :$bBrill,$c1979 300 $aXXVII, 1005 p. :$bill. (alcune color.), c. geogr. di cui alcune ripieg. ;$c25 cm. 490 0 $aEtudes préliminaires aux religions orientales dans l'Empire romain ;$v80 650 4$aMisteri mitriaci 650 4$aMitra 700 1 $aBianchi, Ugo$eauthor$4http://id.loc.gov/vocabulary/relators/aut$0143463 740 0 $aProceedings of the International Seminar on the Religio-historical character of Roman Mithraism, with particular reference to Roman and Ostian sources, Rome and Ostia 28-31 March 1978 907 $a.b1053068x$b21-02-17$c27-06-02 912 $a991003606319707536 945 $aLE002 St. XX G 1$g1$i2002000719638$lle002$o-$pE0.00$q-$rl$s- $t0$u3$v0$w3$x0$y.i1060974x$z27-06-02 996 $aMysteria Mithrae$91446196 997 $aUNISALENTO 998 $ale002$b01-01-00$cm$da $e-$fita$gne $h0$i1 LEADER 00973nam0 22002531i 450 001 UON00136425 005 20231205102822.695 100 $a20020107d1947 |0itac50 ba 101 $aeng 102 $aIN 105 $a|||| 1|||| 200 1 $aˆAn ‰Echo from Andamans$eletters written by Veer Savarkar to his brother Dr. Savarkar$fVeer Savarkar 210 $aPoona$cVenus Book stall$d1947 215 $a101 p.$d18 cm 620 $dPune$3UONL000209 686 $aSI VI N$cSUBCONT. INDIANO - LETTERATURA ANGLO-INDIANA$2A 700 1$aSAVARKAR$bVeer$3UONV082950$0670256 712 $aVenus Book Stall$3UONV263379$4650 801 $aIT$bSOL$c20240220$gRICA 899 $aSIBA - SISTEMA BIBLIOTECARIO DI ATENEO$2UONSI 912 $aUON00136425 950 $aSIBA - SISTEMA BIBLIOTECARIO DI ATENEO$dSI SI VI N 039 $eSI SA 60781 5 039 996 $aEcho from Andamans$91316021 997 $aUNIOR